|
|
|
|
| LEADER |
01554nam a2200385Ia 4500 |
| 001 |
EBC1608350 |
| 003 |
MiAaPQ |
| 005 |
20200520144314.0 |
| 006 |
m o d | |
| 007 |
cr cn||||||||| |
| 008 |
090928s2009 dcud sb i000 0 eng d |
| 035 |
|
|
|a (MiAaPQ)EBC1608350
|
| 035 |
|
|
|a (Au-PeEL)EBL1608350
|
| 035 |
|
|
|a (CaPaEBR)ebr10368697
|
| 035 |
|
|
|a (CaONFJC)MIL284353
|
| 035 |
|
|
|a (OCoLC)870245249
|
| 040 |
|
|
|a MiAaPQ
|c MiAaPQ
|d MiAaPQ
|
| 050 |
|
4 |
|a HG742
|b .E875 2009
|
| 100 |
1 |
|
|a Espinoza, Raphael A.
|
| 245 |
1 |
0 |
|a Regional financial integration in the Caribbean
|h [electronic resource] :
|b evidence from financial and macroeconomic data /
|c by Raphael Espinova and Goohoon Kwon.
|
| 260 |
|
|
|a Washington, D.C. :
|b International Monetary Fund, Middle East and Central Asia dept.,
|c 2009.
|
| 300 |
|
|
|a 35 p. :
|b charts.
|
| 490 |
1 |
|
|a IMF working paper ;
|v WP/09/139
|
| 500 |
|
|
|a "July 2009".
|
| 504 |
|
|
|a Includes bibliographic references.
|
| 533 |
|
|
|a Electronic reproduction. Ann Arbor, MI : ProQuest, 2015. Available via World Wide Web. Access may be limited to ProQuest affiliated libraries.
|
| 650 |
|
0 |
|a Finance
|z Caribbean Area.
|
| 650 |
|
0 |
|a Macroeconomics.
|
| 651 |
|
0 |
|a Caribbean Area
|x Economic policy.
|
| 655 |
|
4 |
|a Electronic books.
|
| 700 |
1 |
|
|a Kwon, Goohoon.
|
| 710 |
2 |
|
|a International Monetary Fund.
|b Middle East and Central Asia Dept.
|
| 710 |
2 |
|
|a ProQuest (Firm)
|
| 830 |
|
0 |
|a IMF working paper ;
|v WP/09/139.
|
| 856 |
4 |
0 |
|u https://ebookcentral.proquest.com/lib/matrademy/detail.action?docID=1608350
|z Click to View
|